عرض عادي
عرض مارك
- Lindsay, William M.
مدخل إسم شخص
001 - رقم الضبط
- حقل الضبط: 50106
003 - معرف رقم الضبط
- حقل الضبط: OSt
005 - تاريخ ووقت أخر عملية
- حقل الضبط: 20150730013801.0
008 - عناصر بيانات ثابتة الطول
- حقل تحكم ثابت الطول: 150730|| aca||aabn | a|a d
040 ## - مصدر الفهرسة
- هيئة الفهرسة الأصلية: OSt
- وكالة الكتابة: OSt
100 ## - مدخل -- أسم شخص
- إسم شخص: Lindsay, William M.
670 ## - بيانات المصدر موجوده
- الاستشهاد بالمصدر: Work cat.: (OSt)0: Evans, James R. 1950- 50103, An introduction to Six sigma & process improvement /, 2015.
